MARC

LEADER 00000nam0a2200000 4500
001 213520
005 20231031193132.0
035 |a (RuTPU)RU\TPU\book\233318 
090 |a 213520 
100 |a 20120411d1971 m y0rusy50 ca 
101 0 |a rus 
102 |a RU 
105 |a a z 001zy 
200 1 |a Львы стерегут город  |f В. В. Нестеров 
210 |a Ленинград  |c Художник РСФСР  |d 1971 
215 |a 487 с.  |c ил. 
320 |a Список иллюстраций в конце кн. 
610 1 |a Ленинград 
610 1 |a скульптура 
610 1 |a памятники 
610 1 |a мосты 
610 1 |a мифы 
675 |a 725  |v 3 
700 1 |a Нестеров  |b В. В.  |g Вячеслав Владимирович 
801 1 |a RU  |b 63413507  |c 20120411 
801 2 |a RU  |b 63413507  |c 20120417  |g RCR 
942 |c BK